| 000 | 01507cam a22004097a 4500 | ||
|---|---|---|---|
| 003 | CHAP | ||
| 005 | 20220817043828.0 | ||
| 008 | 010926d2000 mx r 00110 spa d | ||
| 010 | _a85549 | ||
| 011 | _a86521 | ||
| 020 | _a0 521 77217 6 | ||
| 035 | _a97059 | ||
| 040 | _cCHAP | ||
| 082 | 0 | 4 |
_a595.747 _bL11 |
| 245 | 0 | 0 |
_aLacewings in the crop environment _cedited by P.K. McEwen, T.R. New and A.E. Whittington |
| 260 |
_aCambridge: _bCambridge University Press, _c2001. |
||
| 300 |
_a546 p. : _bilus. |
||
| 590 |
_aBATCH-UPD _b10 _c20130110 _lUCH01 _h0241 |
||
| 590 |
_aBATCH-UPD _b10 _c20130110 _lUCH01 _h1142 |
||
| 590 |
_aBATCH-UPD _b10 _c20130410 _lUCH01 _h1344 |
||
| 590 |
_aBATCH-UPD _b10 _c20130914 _lUCH01 _h0027 |
||
| 590 |
_aBATCH-UPD _b10 _c20170617 _lUCH01 _h1108 |
||
| 590 |
_aBATCH-UPD _b10 _c20170617 _lUCH01 _h1110 |
||
| 590 |
_aCONVERSION _b10 _c20130109 _lUCH01 _h1347 |
||
| 650 | 1 | 4 |
_aAgricultura _xPlagas. _91764 |
| 650 | 1 | 4 | _aChrysopidae. |
| 650 | 1 | 4 |
_aControl biológico de plagas. _927587 |
| 700 | 0 |
_aMcEwen, P.K. _e, ed. _973504 |
|
| 700 | 0 |
_aWhittington, A.E. _e, ed. _9121787 |
|
| 700 | 1 |
_aNew, T. R. _e, ed. _981054 |
|
| 901 | _aBK | ||
| 905 | _aAlejandra Carrasco M. | ||
| 942 | _cLIBRO | ||
| 949 |
_a595.747 L11 _bBC _cLIBRO _d33724000862363 _eLIBRO _gI.213574 _h102296 _i97059 _sb _t$ 1301.00 |
||
| 949 |
_a595.747 L11 _bBC _cLIBRO _d33724002068066 _eLIBRO _fc.2 _g240062 _h110116 _i97059 _sb _t$ 2,200.00 |
||
| 949 |
_a595.747 L11 _bBC _cLIBRO _d33724002068199 _eLIBRO _fc.3 _g240061 _h110117 _i97059 _si |
||
| 999 |
_c85549 _d85549 |
||